| 000 | 00437cam a2200169ua 4500 | ||
|---|---|---|---|
| 020 | _c1.00 | ||
| 041 |
_amal _h |
||
| 082 |
_a923.2 _bACH/SM |
||
| 100 | _aAchuthamenon, C . | ||
| 245 |
_aSmaranayude edukal / _cC Achuthamenon. _hTextual Documents |
||
| 260 |
_aKottayam : _bPrabhatham printing and publishing co. pvt. ltd. , _c1966. |
||
| 300 | _a100 ; . | ||
| 365 | _a1.00 | ||
| 504 | _a | ||
| 942 | _cBK | ||
| 999 |
_c4504 _d4504 |
||